| 000 | 06909nam a22006857a 4500 | ||
|---|---|---|---|
| 005 | 20090119143636.0 | ||
| 008 | 090119t xxu||||| |||| 00| 1 eng d | ||
| 010 | _aB-344798-827 | ||
| 020 |
_a8170119367 _c80.00 |
||
| 020 |
_a9798170119363 _c80.00 |
||
| 035 | _aB-344798-827 | ||
| 035 | _aB-357741 | ||
| 037 | _bTarun Books | ||
| 040 |
_adpl _bEnglish |
||
| 082 | _aS | ||
| 100 | _aRangachari, Devika | ||
| 110 | _aillustrated by Neeta Gangopadhya | ||
| 245 |
_aStories from Kathasaritsagara / _cby Devika Rangachari; edited by Navin Menon [and] Seema Sinha; illustrated by Neeta Gangopadhya _b |
||
| 260 |
_aNew Delhi _bChildren Book Trust _c2007(repr.) |
||
| 270 |
_aNehru House, 4 Bahadur Shah Zafar Marg _bNew Delhi _e110002 |
||
| 300 |
_a96p. _c24cm. (Hb) _bill. |
||
| 700 | _aMenon, Navin | ||
| 700 | _aSinha, Seema | ||
| 700 | _aGangopadhya, Neeta | ||
| 366 | _b2007 | ||
| 942 |
_2ddc _cCH _hS _mRAN |
||
| 999 |
_c21751 _d21751 |
||